Statistics for Harry Potter Characters in all of the Movies

Click here to take the quiz!

General Stats

  • This quiz has been taken 5,723 times
  • The average score is 10 of 13

Answer Stats

Actor/ActressCharacter's Name% Correct
Daniel RadcliffeHarry Potter
100%
Rupert GrintRon Weasley
99%
Emma WatsonHermione Granger
98%
Alan RickmanSeverus Snape
95%
Tom FeltonDraco Malfoy
94%
James PhelpsFred Weasley
88%
Oliver PhelpsGeorge Weasley
88%
Bonnie WrightGinny Weasley
87%
Matthew LewisNeville Longbottom
83%
Robbie ColtraneRubeus Hagrid
82%
Warwick DavisFilius Flitwick
59%
Devon MurraySeamus Finnigan
39%
Geraldine SomervilleLily Evans
31%

Score Distribution

Percentile by Number Answered

Percent of People with Each Score

Your Score History

You have not taken this quiz